[Event "Carlos Torre Memorial op 21st"]
[Site "Merida"]
[Date "2008.12.18"]
[Round "7"]
[White "Vega Garcia, Jorge Arturo"]
[Black "Mata Gonzalez, Jose Fernando"]
[Result "1-0"]
[WhiteElo "2274"]
[BlackElo "2199"]
[PlyCount "69"]
[EventDate "2008.12.13"]
[EventType "swiss"]
[EventRounds "9"]
[EventCountry "MEX"]
[SourceTitle "CBM 127 Extra"]
[Source "ChessBase"]
[SourceDate "2009.01.08"]
[SourceVersion "2"]
[SourceVersionDate "2009.01.28"]
[SourceQuality "1"]

1. d4 d5 2. Nf3 Nf6 3. Bf4 e6 4. Nbd2 Bd6 5. e3 0-0 6. Bd3 Bxf4 7. exf4 c5 8. dxc5 Qc7 9. g3 Qxc5 10. 0-0 Nc6 11. c3 b6 12. Re1 Bb7 13. Nb3 Qd6 14. Nbd4 Nxd4 15. Nxd4 Rad8 16. a4 Nd7 17. Qh5 g6 18. Qh6 e5 19. fxe5 Nxe5 20. Be2 Qf6 21. Rad1 Rfe8 22. Qd2 Re7 23. Bb5 Nc4 24. Bxc4 Rxe1+ 25. Rxe1 dxc4 26. Qe3 Qd6 27. Qe5 Qd7 28. Qb5 Qd6 29. Qxc4 Rc8 30. Qb5 Rc5 31. Qe8+ Kg7 32. Qe7 Qd5 33. Ne6+ Kh6 34. Qf8+ Kh5 35. Nf4+ 1-0

[Event "Carlos Torre Memorial op 21st"]
[Site "Merida"]
[Date "2008.12.16"]
[Round "5"]
[White "Cabrera Trujillo, Jorge Juan"]
[Black "Mata Gonzalez, Jose Fernando"]
[Result "1/2-1/2"]
[WhiteElo "2438"]
[BlackElo "2199"]
[PlyCount "58"]
[EventDate "2008.12.13"]
[EventType "swiss"]
[EventRounds "9"]
[EventCountry "MEX"]
[SourceTitle "CBM 127 Extra"]
[Source "ChessBase"]
[SourceDate "2009.01.08"]
[SourceVersion "2"]
[SourceVersionDate "2009.01.28"]
[SourceQuality "1"]

1. e4 e5 2. Nf3 Nc6 3. Bb5 a6 4. Ba4 Nf6 5. 0-0 Be7 6. Re1 b5 7. Bb3 0-0 8. h3 d6 9. c3 Na5 10. Bc2 c5 11. d4 Qc7 12. Nbd2 Nc6 13. d5 Nd8 14. a4 Rb8 15. b4 c4 16. Nf1 Ne8 17. g4 g6 18. Ng3 Ng7 19. Kh2 f6 20. Rg1 Nf7 21. Be3 Bd7 22. Rg2 Kh8 23. Qe2 Rg8 24. a5 Rbf8 25. Rag1 Qc8 26. Bc1 Bd8 27. Kh1 Ng5 28. Nxg5 fxg5 29. Be3 Be7 1/2-1/2

[Event "Mexico City Icaro op"]
[Site "Mexico City"]
[Date "2007.04.27"]
[Round "2"]
[White "Leon Hoyos, Manuel"]
[Black "Mata Gonzalez, Jose Fernando"]
[Result "1-0"]
[WhiteElo "2454"]
[BlackElo "2215"]
[PlyCount "81"]
[EventDate "2007.04.27"]
[EventType "swiss"]
[EventRounds "9"]
[EventCountry "MEX"]
[SourceTitle "CBM 118 Extra"]
[Source "ChessBase"]
[SourceDate "2007.07.04"]
[SourceVersion "1"]
[SourceVersionDate "2007.07.04"]
[SourceQuality "1"]

1. e4 e5 2. Nf3 Nc6 3. Bb5 a6 4. Ba4 Nf6 5. 0-0 Be7 6. Re1 b5 7. Bb3 0-0 8. h3 d6 9. c3 Na5 10. Bc2 c5 11. d4 Qc7 12. Nbd2 Nc6 13. dxc5 dxc5 14. Nf1 Rd8 15. Qe2 Nd7 16. Ne3 Nf8 17. a4 Rb8 18. Nh2 Be6 19. Nf5 Bxf5 20. exf5 f6 21. Ng4 Nd7 22. Ne3 Nf8 23. Be4 Qc8 24. axb5 axb5 25. Qf3 Rd6 26. Nd5 Qd7 27. Be3 c4 28. Bc5 Bd8 29. Red1 Na5 30. Bxd6 Qxd6 31. Nb4 Qe7 32. Rxa5 Bxa5 33. Nc6 Qc7 34. Nxb8 Qxb8 35. Bc6 h6 36. Qd5+ Kh8 37. Bxb5 Nh7 38. Bxc4 Bb6 39. Ra1 Bxf2+ 40. Kxf2 Qxb2+ 41. Kg3 1-0

[Event "Carlos Torre Memorial op 18th"]
[Site "Merida"]
[Date "2005.12.18"]
[Round "6"]
[White "Mata Gonzalez, Jose Fernando"]
[Black "Vera Gonzalez Quevedo, Reynaldo"]
[Result "0-1"]
[WhiteElo "2213"]
[BlackElo "2481"]
[PlyCount "74"]
[EventDate "2005.12.15"]
[EventType "swiss"]
[EventRounds "9"]
[EventCountry "MEX"]
[SourceTitle "CBM 109 Extra"]
[Source "ChessBase"]
[SourceDate "2006.01.03"]
[SourceVersion "2"]
[SourceVersionDate "2006.01.03"]
[SourceQuality "1"]

1. e4 c5 2. d4 cxd4 3. c3 Nf6 4. e5 Nd5 5. cxd4 d6 6. Nf3 Nc6 7. exd6 Qxd6 8. Nc3 e6 9. Bd3 Be7 10. 0-0 0-0 11. Ne4 Qd8 12. a3 b6 13. b4 Bb7 14. Bb2 Rc8 15. Rc1 Rc7 16. Re1 Nb8 17. Bb1 Nd7 18. Qd3 Nf4 19. Qe3 Nd5 20. Qd3 Nf4 21. Qd2 Ng6 22. Qe3 Nf6 23. Neg5 Nd5 24. Qd2 Ndf4 25. Ne4 f5 26. Rxc7 Qxc7 27. Neg5 Bxg5 28. Nxg5 Qd8 29. h4 Nxg2 30. Rxe6 N2xh4 31. Ba2 Bd5 32. Bxd5 Qxd5 33. Kf1 h6 34. Rxg6 Nxg6 35. Nh3 Re8 36. Qc3 Nf4 37. Qg3 Qc4+ 0-1

[Event "Carlos Torre Memorial op 18th"]
[Site "Merida"]
[Date "2005.12.16"]
[Round "2"]
[White "Mata Gonzalez, Jose Fernando"]
[Black "Akobian, Varuzhan"]
[Result "0-1"]
[WhiteElo "2065"]
[BlackElo "2600"]
[PlyCount "70"]
[EventDate "2005.12.15"]
[EventType "swiss"]
[EventRounds "9"]
[EventCountry "MEX"]
[SourceTitle "EXT 2007"]
[Source "ChessBase"]
[SourceDate "2006.11.23"]
[SourceVersion "1"]
[SourceVersionDate "2006.11.23"]
[SourceQuality "1"]

1. e4 e6 2. d4 d5 3. e5 c5 4. c3 Qb6 5. Nf3 Nc6 6. Bd3 cxd4 7. cxd4 Bd7 8. 0-0 Nxd4 9. Nxd4 Qxd4 10. Nc3 Qb6 11. Qg4 Qb4 12. Qg3 Ne7 13. Kh1 Rc8 14. f4 g6 15. Qf2 Nf5 16. Bxf5 gxf5 17. a3 Qb3 18. Be3 b6 19. Bd4 Rg8 20. Rac1 Rc4 21. Ne2 Bb5 22. Rfd1 Bc5 23. Bxc5 bxc5 24. Ng3 d4 25. Nh5 Kd8 26. Qd2 Bc6 27. Ng3 Kc8 28. Qe2 d3 29. Qd2 Rc2 30. Qe3 Rxg2 31. Qxc5 Rc2+ 32. Qxc6+ Rxc6 33. Rxc6+ Kb7 34. Rcc1 h5 35. Re1 d2 0-1

[Event "Carlos Torre Memorial op 18th"]
[Site "Merida"]
[Date "2005.12.15"]
[Round "1"]
[White "Quiriz Lopez, Jeaneth Estel"]
[Black "Mata Gonzalez, Jose Fernando"]
[Result "0-1"]
[WhiteElo "1965"]
[BlackElo "2065"]
[PlyCount "152"]
[EventDate "2005.12.15"]
[EventType "swiss"]
[EventRounds "9"]
[EventCountry "MEX"]
[SourceTitle "EXT 2007"]
[Source "ChessBase"]
[SourceDate "2006.11.23"]
[SourceVersion "1"]
[SourceVersionDate "2006.11.23"]
[SourceQuality "1"]

1. e4 e5 2. Nf3 Nc6 3. Bb5 a6 4. Ba4 Nf6 5. 0-0 Be7 6. Re1 b5 7. Bb3 0-0 8. a4 Bb7 9. d3 d6 10. Nbd2 Nd7 11. c3 Nc5 12. Bc2 Nxa4 13. Bxa4 bxa4 14. Rxa4 Kh8 15. Nf1 f5 16. Ne3 f4 17. Nd5 Nb8 18. d4 Nd7 19. Rb4 Bxd5 20. exd5 Bf6 21. dxe5 dxe5 22. Rbe4 Nc5 23. Rc4 Nd7 24. Rce4 Qb8 25. Rb4 Qa7 26. Rc4 Rad8 27. Rc6 Qb7 28. Qe2 Nb8 29. Rc5 Nd7 30. Ra5 Ra8 31. Qc4 Qb6 32. Ra3 Qd6 33. Nd2 Nb6 34. Qe4 Qxd5 35. Qxd5 Nxd5 36. Ra5 Rfd8 37. Nf3 c6 38. Kf1 Re8 39. Ra4 Re7 40. Rae4 Rae8 41. Ra4 Nc7 42. Nd2 Kg8 43. Ne4 Rd8 44. Nxf6+ gxf6 45. Bxf4 Kf7 46. Be3 Rb8 47. Re2 Rd7 48. Ke1 Rb5 49. Rc4 Rd6 50. Bc5 Rd7 51. Be3 Rbd5 52. Rd2 Rxd2 53. Bxd2 Rd6 54. Be3 Ke6 55. Ra4 Rd7 56. Bb6 Nd5 57. Be3 Rb7 58. Rxa6 Nxe3 59. fxe3 Rxb2 60. Rxc6+ Kf5 61. Kf1 Rc2 62. Rc4 Kg5 63. Rc7 h5 64. Rc4 h4 65. g3 h3 66. Kg1 Rg2+ 67. Kh1 Re2 68. Kg1 f5 69. Rh4 Rxe3 70. Rxh3 Kg4 71. Rh4+ Kf3 72. Kf1 Rxc3 73. Ke1 Rc2 74. Rh5 Ke4 75. Rh4+ Ke3 76. Kf1 Rf2+ 0-1